| Tag |
First Indicator |
Second Indicator |
Subfields |
| LEADER |
00000cam a2200000Ki 4500 |
| 001 |
in00003563713 |
| 006 |
m o d |
| 007 |
cr cnu---unuuu |
| 008 |
131029s2002 gw a ob 001 0 eng d |
| 005 |
20260420214620.6 |
| 020 |
|
|
|a 9783662058664 (electronic bk.)
|
| 020 |
|
|
|a 3662058669 (electronic bk.)
|
| 020 |
|
|
|z 3540433627
|
| 020 |
|
|
|z 9783540433620
|
| 020 |
|
|
|z 3642077714
|
| 020 |
|
|
|z 9783642077715
|
| 024 |
7 |
|
|a 10.1007/978-3-662-05866-4
|2 doi
|
| 035 |
|
|
|a (OCoLC)861705465
|
| 040 |
|
|
|a GW5XE
|b eng
|e rda
|e pn
|c GW5XE
|d OCLCF
|d UtOrBLW
|
| 049 |
|
|
|a TXAM
|
| 050 |
|
4 |
|a QB790
|b .D67 2002eb
|
| 082 |
0 |
4 |
|a 523.1/135
|2 22
|
| 100 |
1 |
|
|a Dopita, Michael A.
|
| 245 |
1 |
0 |
|a Astrophysics of the diffuse universe /
|c M.A. Dopita, R.S. Sutherland.
|
| 264 |
|
1 |
|a Berlin ;
|a New York :
|b Springer,
|c 2002.
|
| 300 |
|
|
|a 1 online resource (xiv, 439 pages) :
|b illustrations.
|
| 336 |
|
|
|a text
|b txt
|2 rdacontent
|
| 337 |
|
|
|a computer
|b c
|2 rdamedia
|
| 338 |
|
|
|a online resource
|b cr
|2 rdacarrier
|
| 490 |
1 |
|
|a Astronomy and astrophysics library
|
| 504 |
|
|
|a Includes bibliographical references and index.
|
| 505 |
0 |
|
|a What Is the Diffuse Universe?- Line Emission Processes -- Collisional Excitation -- Line Transfer Effects -- Collisional Ionization Equilibrium -- Continuum and Recombination Line Processes -- Cooling Plasmas -- Interstellar Shocks -- The Theory of Photoionized Regions -- Parameters of Photoionized Regions -- Photoionizing Shocks -- Interstellar Dust -- Introduction to Astrochemistry -- Thermal Phases of Diffuse Matter -- Physical Constants -- Useful Atomic Data -- Continuum Data -- Rotational Wavefunction Symmetry -- Worked Answers to Exercises -- Index.
|
| 520 |
|
|
|a The book is designed as an astrophysics textbook to provide a comprehensive introduction to the physics of Interstellar Matter. It is aimed primarily at those undertaking postgraduate courses, or those doing advanced projects as part of honours undergraduate courses in physics or astrophysics. It should also provide a handy reference to the field for astrophysics faculty and other researchers who are not necessarily experts in this particular subdiscipline. The objective of the book is to show how physics can be applied to the understanding and diagnosis of the phase structure, the physical conditions and the chemical make-up and evolution of the interstellar medium. Based on the authors' lecture course experience, here a systematic approach has been adopted to assist the development of the reader's insight into the physics underlying the subject.
|
| 588 |
|
|
|a Description based on print version record.
|
| 650 |
|
0 |
|a Interstellar matter.
|
| 650 |
|
0 |
|a Astrophysics.
|
| 650 |
|
7 |
|a Astrophysics.
|2 fast
|0 (OCoLC)fst00819797
|
| 650 |
|
7 |
|a Interstellar matter.
|2 fast
|0 (OCoLC)fst00977542
|
| 655 |
|
7 |
|a Electronic books.
|2 local
|
| 700 |
1 |
|
|a Sutherland, R. S.
|q (Ralph S.),
|d 1964-
|
| 710 |
2 |
|
|a SpringerLink (Online service)
|
| 776 |
1 |
8 |
|i Print version:
|a Dopita, Michael A.
|t Astrophysics of the diffuse universe
|z 3540433627
|w (DLC) 2002026830
|w (OCoLC)456742666
|
| 830 |
|
0 |
|a Astronomy and astrophysics library.
|
| 856 |
4 |
0 |
|u http://proxy.library.tamu.edu/login?url=https://link.springer.com/10.1007/978-3-662-05866-4
|z Connect to the full text of this electronic book
|t 0
|
| 994 |
|
|
|a 92
|b TXA
|
| 999 |
|
|
|a MARS
|
| 999 |
f |
f |
|s 2642d788-f789-38fc-93f8-0458a357af93
|i 5df89e45-9532-32c7-8c9b-d0b27a1989d6
|t 0
|
| 952 |
f |
f |
|a Texas A&M University
|b College Station
|c Electronic Resources
|s www_evans
|d Available Online
|t 0
|e QB790 .D67 2002eb
|h Library of Congress classification
|
| 998 |
f |
f |
|a QB790 .D67 2002eb
|t 0
|l Available Online
|